000 00750nam a2200253 u 4500
005 20230602063750.0
008 100907s2003 mx r 000 0 spa d
020 _a9706436448
035 _aUPN01000177728
040 _aUPN
_bspa
_cUPN
049 _aCG
050 4 _aPT3919.T7
_bM3.8a 2003
100 1 _aTraven, Bruno,
_d1890-1969
_929464
245 1 0 _aMacario /
_cB. Traven ; traducción del inglés, Rosa Elena Luján.
250 _a2a ed.
_b5a reimpresión (2004)
260 _aMéxico :
_bSelector,
_c©2003.
300 _a108 p.
650 4 _aMUERTE -
_vNOVELA
_918656
650 4 _aNovela mexicana
_94557
650 4 _aCuentos mexicanos
_96937
700 1 _943869
_aLuján, Rosa Elena,
_etr.
905 _aLibro
942 _2lcc
_cLIBRO
999 _c149831
_d149831